Správa o sociálnej situácii obyvateľstva SR za rok 2002

Vývoj pracovných príjmov za rok 2002. Bezpečnosť a ochrana zdravia pri práci. Kolektívne vyjednávanie. Sociálne zabezpečenie. Dôchodkové zabezpečenie.

Gespeichert in:
Bibliographische Detailangaben
Format: Buchkapitel
Sprache:Slowakisch
Schlagworte:
Tags: Tag hinzufügen
Keine Tags, Fügen Sie das erste Tag hinzu!

MARC

LEADER 00000naa$a2200000$$$4500
001 0003736
005 20230807081915.5
041 0 |a slo 
044 |a SK 
245 1 0 |a Správa o sociálnej situácii obyvateľstva SR za rok 2002 
520 |a Vývoj pracovných príjmov za rok 2002. Bezpečnosť a ochrana zdravia pri práci. Kolektívne vyjednávanie. Sociálne zabezpečenie. Dôchodkové zabezpečenie. 
610 2 0 |a situácia sociálna 
610 2 0 |a príjmy pracovné 
610 2 0 |a bezpečnosť práce 
610 2 0 |a úrazy pracovné 
610 2 0 |a vyjednávanie kolektívne 
610 2 0 |a zabezpečenie dôchodkové 
610 2 0 |a zabezpečenie sociálne 
610 2 0 |a Slovensko 
610 2 0 |a 2002